Top 500 Albums of All Time According to Rate Your Music (Artists) - Statistics

General Stats
  • This quiz has been taken 7,837 times
  • The average score is 169 of 500
Answer Stats
Rank Album Artist Genre % Correct
427 Sleeping Beauty Sun Ra and His Arkestra Spiritual Jazz
96%
11 Abbey Road The Beatles Pop Rock
94%
18 Revolver The Beatles Pop Rock
94%
43 Sgt. Pepper's Lonely Hearts Club Band The Beatles Psychedelic Pop
94%
51 -- [White Album] The Beatles Pop Rock
94%
110 Rubber Soul The Beatles Pop Rock
94%
3 Wish You Were Here Pink Floyd Progressive Rock
91%
10 The Dark Side of the Moon Pink Floyd Art Rock
91%
28 Animals Pink Floyd Progressive Rock
91%
156 Meddle Pink Floyd Progressive Rock
91%
335 The Wall Pink Floyd Progressive Rock
91%
286 Lanquidity Sun Ra Avant-Garde Jazz
88%
2 OK Computer Radiohead Art Rock
84%
4 In Rainbows Radiohead Art Rock
84%
7 Kid A Radiohead Electronic / Art Rock
84%
138 A Moon Shaped Pool Radiohead Art Rock
84%
204 The Bends Radiohead Alternative Rock
84%
445 Amnesiac Radiohead Art Rock
84%
13 The Rise and Fall of Ziggy Stardust and the Spiders from Mars David Bowie Glam Rock
83%
53 Low David Bowie Art Rock
83%
62 Blackstar David Bowie Art Rock
83%
74 Station to Station David Bowie Art Rock
83%
125 Hunky Dory David Bowie Pop Rock
83%
159 Heroes David Bowie Art Rock
83%
26 My Beautiful Dark Twisted Fantasy Kanye West Pop Rap
83%
40 The College Dropout Kanye West Pop Rap
83%
86 Late Registration Kanye West Pop Rap
83%
215 Yeezus Kanye West Experimental Hip Hop
83%
315 The Life of Pablo Kanye West Experimental Hip Hop
83%
178 Thriller Michael Jackson Dance-Pop
83%
479 Off the Wall Michael Jackson Disco
83%
80 Nevermind Nirvana Grunge
83%
82 In Utero Nirvana Grunge
83%
1 To Pimp A Butterfly Kendrick Lamar Conscious Hip Hop
79%
8 good kid, m.A.A.d city Kendrick Lamar Conscious Hip Hop
79%
81 Ride the Lightning Metallica Thrash Metal
79%
98 Master of Puppets Metallica Thrash Metal
79%
20 Paranoid Black Sabbath Heavy Metal
75%
70 Master of Reality Black Sabbath Heavy Metal
75%
99 B-- S-- Black Sabbath Heavy Metal
75%
243 Sabbath Bloody Sabbath Black Sabbath Heavy Metal
75%
324 -- Vol. 4 Black Sabbath Heavy Metal
75%
67 -- IV Led Zeppelin Blues Rock
69%
242 L-- Z-- Led Zeppelin Blues Rock
69%
258 Physical Graffiti Led Zeppelin Blues Rock
69%
285 -- II Led Zeppelin Blues Rock
69%
418 Houses of the Holy Led Zeppelin Blues Rock
69%
30 Pet Sounds The Beach Boys Baroque Pop
68%
128 London Calling The Clash Punk Rock
64%
122 Rumours Fleetwood Mac Pop Rock
63%
56 What's Going On Marvin Gaye Smooth Soul
63%
33 Songs in the Key of Life Stevie Wonder Funk
63%
94 Innervisions Stevie Wonder Funk
63%
476 Talking Book Stevie Wonder Psychedelic Soul
63%
66 Electric Ladyland The Jimi Hendrix Experience Psychedelic Rock
63%
85 Are You Experienced The Jimi Hendrix Experience Psychedelic Rock
63%
272 Axis: Bold as Love The Jimi Hendrix Experience Psychedelic Rock
63%
220 Sticky Fingers The Rolling Stones Blues Rock
63%
282 Exile on Main St. The Rolling Stones Blues Rock
63%
467 Beggars Banquet The Rolling Stones Blues Rock
63%
61 Highway 61 Revisited Bob Dylan Singer-Songwriter
61%
73 Blonde on Blonde Bob Dylan Singer-Songwriter
61%
77 Blood on the Tracks Bob Dylan Singer-Songwriter
61%
120 Bringing It All Back Home Bob Dylan Singer-Songwriter
61%
304 The Freewheelin' -- Bob Dylan Singer-Songwriter
61%
196 The Miseducation of -- Lauryn Hill Conscious Hip Hop
61%
17 Illmatic Nas Conscious Hip Hop
61%
5 Madvillainy Madvillain Abstract Hip Hop
60%
47 Igor Tyler, the Creator Psychedelic Soul
60%
149 Flower Boy Tyler, the Creator Neo-Soul
60%
46 Blonde Frank Ocean Art Pop
58%
329 channel ORANGE Frank Ocean Neo-Soul
58%
217 Vaudeville Villain Viktor Vaughn Experimental Hip Hop
58%
54 MM..FOOD MF DOOM Abstract Hip Hop
57%
434 Operation: Doomsday MF DOOM Abstract Hip Hop
57%
136 Ready to Die The Notorious B.I.G. Gangsta Rap
57%
6 In the Court of the -- King Crimson Progressive Rock
56%
27 Red King Crimson Progressive Rock
56%
152 Lark's Tongues in Aspic King Crimson Progressive Rock
56%
183 Discipline King Crimson Art Rock
56%
32 Pink Moon Nick Drake Singer-Songwriter
56%
144 Five Leaves Left Nick Drake Singer-Songwriter
56%
261 Bryter Layter Nick Drake Singer-Songwriter
56%
241 The Velvet Rope Janet Jackson Neo-Soul
55%
24 Kind of Blue Miles Davis Modal Jazz
55%
39 In a Silent Way Miles Davis Modal Jazz
55%
52 Bitches Brew Miles Davis Avant-Garde Jazz
55%
174 Get Up With It Miles Davis Avant-Garde Jazz
55%
343 On the Corner Miles Davis Avant-Garde Jazz
55%
37 The Queen Is Dead The Smiths Post Punk
55%
96 T-- V-- U-- The Velvet Underground Pop Rock
55%
121 White Light / White Heat The Velvet Underground Experimental Rock
55%
23 Enter the -- (36 Chambers) Wu-Tang Clan Hardcore Hip Hop
55%
55 Either / Or Elliott Smith Singer-Songwriter
54%
244 E-- S-- Elliott Smith Singer-Songwriter
54%
245 XO Elliott Smith Singer-Songwriter
54%
79 Aquemini OutKast Conscious Hip Hop
54%
132 ATLiens OutKast Conscious Hip Hop
54%
357 Stankonia OutKast Conscious Hip Hop
54%
318 Let It Bleed Rolling Stones Blues Rock
54%
298 Born to Run Bruce Springsteen Singer-Songwriter
53%
464 Darkness on the Edge of Town Bruce Springsteen Singer-Songwriter
53%
500 Reasonable Doubt Jay-Z Gangsta Rap
52%
167 Black on Both Sides Mos Def Conscious Hip Hop
52%
191 Sign o the Times Prince Pop Rock
52%
461 1999 Prince Synth Funk
52%
237 Scaring the Hoes JPEGMAFIA & Danny Brown Experimental Hip Hop
51%
22 Disintegration The Cure Gothic Rock
51%
108 Pornography The Cure Gothic Rock
51%
21 Vespertine Björk Art Pop
50%
49 Homogenic Björk Art Pop
50%
148 Post Björk Art Pop
50%
165 R-- A-- t-- M-- Rage Against the Machine Rap Metal
50%
15 T-- V-- U-- & N-- The Velvet Underground & Nico Art Rock
50%
71 Discovery Daft Punk Electro Disco
48%
275 Demon Days Gorillaz Art Pop
48%
381 Plastic Beach Gorillaz Art Pop
48%
16 A Love Supreme John Coltrane Avant-Garde Jazz
48%
106 Giant Steps John Coltrane Modal Jazz
48%
112 My Favorite Things John Coltrane Modal Jazz
48%
210 Blue Train John Coltrane Hard Bop
48%
263 Ascension [Edition 1] John Coltrane Spiritual Jazz
48%
325 Olé Coltrane John Coltrane Modal Jazz
48%
44 Hounds of Love Kate Bush Art Pop
48%
133 The Dreaming Kate Bush Art Pop
48%
91 Symbolic Death Death Metal
47%
221 Human Death Death Metal
47%
333 The Sound of Perseverance Death Death Metal
47%
392 Individual Thought Patterns Death Death Metal
47%
470 Leprosy Death Death Metal
47%
369 Horses Patti Smith Singer-Songwriter
47%
277 Bridge Over Troubled Water Simon and Garfunkel Singer-Songwriter
47%
12 Remain in Light Talking Heads Post Punk
47%
160 Fear of Music Talking Heads Post-Punk
47%
291 Speaking in Tongues Talking Heads Synth Funk
47%
41 Atrocity Exhibition Danny Brown Experimental Hip Hop
46%
473 XXX Danny Brown Experimental Hip Hop
46%
157 Siamese Dream Smashing Pumpkins Grunge
46%
294 Africa / Brass The John Coltrane Quartet Modal Jazz
46%
348 Mellon Collie and the Infinite Sadness The Smashing Pumpkins Alternative Rock
46%
256 -- [Blue Album] Weezer Power Pop
46%
459 Pinkerton Weezer Power Pop
46%
190 IX. Symponie Ludwig van Beethoven / Berliner Philharmoniker / Herbert von Karajan Romanticism
45%
354 Symphonie Nr. 5 Ludwig van Beethoven / Berliner Philharmoniker / Herbert von Karajan Romanticism
45%
328 Symphonie Nr. 5 Ludwig van Beethoven / Wiener Philharmoniker / Carlos Kleiber Romanticism
45%
9 loveless my bloody valentine Shoegaze
45%
185 Toxicity System of a Down Alternative Metal
45%
116 Is This It The Strokes Indie Rock
45%
50 The Low End Theory A Tribe Called Quest Jazz Rap
44%
88 Midnight Marauders A Tribe Called Quest Jazz Rap
44%
147 We got it from Here... Thank You 4 Your service A Tribe Called Quest Conscious Hip Hop
44%
31 In the Aeroplane Over the Sea Neutral Milk Hotel Indie Folk
44%
75 T-- D-- The Doors Psychedelic Rock
44%
308 Strange Days The Doors Psychedelic Rock
44%
42 Unknown Pleasures Joy Division Post Punk
43%
78 Closer Joy Division Post-Punk
43%
87 The Downward Spiral Nine Inch Nails Industrial Rock
43%
296 The Fragile Nine Inch Nails Art Rock
43%
64 Illinois Sufjan Stevens Singer-Songwriter
42%
84 Carrie & Lowell Sufjan Stevens Singer-Songwriter
42%
253 Javelin Sufjan Stevens Singer-Songwriter
42%
34 The Money Store Death Grips Experimental Hip Hop
41%
164 Jenny Death: The Powers That B Disc 2 Death Grips Experimental Hip Hop
41%
219 Bottomless Pit Death Grips Experimental Hip Hop
41%
356 Requiem Wolfgang Amadeus Mozart / Franz Xaver Süssmayr Requiem
41%
113 Grace Jeff Buckley Singer-Songwriter
40%
131 Blue Joni Mitchell Singer-Songwriter
40%
276 Hejira Joni Mitchell Singer-Songwriter
40%
119 After the Gold Rush Neil Young Singer-Songwriter
40%
137 On the Beach Neil Young Singer-Songwriter
40%
238 Harvest Neil Young Singer-Songwriter
40%
366 Tonight's the Night Neil Young Singer-Songwriter
40%
114 Rust Never Sleeps Neil Young / Crazy Horse Singer-Songwriter
40%
176 Everybody Knows This Is Nowhere Neil Young / Crazy Horse Singer-Songwriter
40%
59 Doolittle Pixies Indie Rock
40%
278 Surfer Rosa Pixies Indie Rock
40%
65 Selected Ambient Works 85-92 Aphex Twin Ambient Techno
39%
317 Selected Ambient Works Volume II Aphex Twin Ambient
39%
409 drukqs Aphex Twin IDM
39%
478 Richard D. James Album Aphex Twin IDM
39%
115 The Infamous Mobb Deep Gangsta Rap
39%
161 The Fire This Time Various Artists Spoken Word
39%
360 Exodus Bob Marley & The Wailers Pop Reggae
38%
45 Heaven or Las Vegas Cocteau Twins Dream Pop
38%
213 Treasure Cocteau Twins Dream Pop
38%
182 White Pony Deftones Alternative Metal
38%
492 Koi no yokan Deftones Shoegaze
38%
202 Powerslave Iron Maiden Heavy Metal
38%
280 Seventh Son of a Seventh Son Iron Maiden Heavy Metal
38%
307 The Number of the Beast Iron Maiden Heavy Metal
38%
496 Somewhere in Time Iron Maiden Heavy Metal
38%
262 Ram Paul McCartney / Linda McCartney Pop Rock
38%
453 Murmur R.E.M. Alternative Rock
38%
499 Automatic for the People R.E.M. Alternative Rock
38%
345 Who's Next The Who Art Rock
38%
58 Close to the Edge Yes Progressive Rock
38%
264 Fragile Yes Progressive Rock
38%
124 All Things Must Pass George Harrison Pop Rock
37%
433 Rodeo Travis Scott Trap
37%
130 Journey in Satchidananda Alice Coltrane featuring Pharoah Sanders Avant-Garde Jazz
36%
292 Paul's Boutique Beastie Boys Experimental Hip Hop
36%
19 Lift Yr. Skinny Fists Like Antennas to Heaven! Godspeed You Black Emperor! Post-Rock
36%
48 F♯A♯∞ Godspeed You Black Emperor! Post-Rock
36%
437 J-- L-- / P-- O-- B-- John Lennon / Plastic Ono Band Singer-Songwriter
36%
146 LP! JPEGMAFIA Experimental Hip Hop
36%
486 Veteran JPEGMAFIA Experimental Hip Hop
36%
494 All My Heroes Are Cornballs JPEGMAFIA Experimental Hip Hop
36%
205 Dirt Alice in Chains Grunge
35%
435 The Goldberg Variations Johann Sebastian Bach / Glenn Gould Baroque
35%
35 Dummy Portishead Acid Jazz
35%
249 Third Portishead Experimental Rock
35%
309 It Takes a Nation of Millions to Hold Us Back Public Enemy Political Hip Hop
35%
68 Donuts J Dilla Instrumental Hip Hop
34%
454 Matthäus-Passion Johann Sebastian Bach Baroque
34%
489 Mass in B minor Johann Sebatian Bach / John Eliot Gardinger Baroque
34%
38 Souvlaki Slowdive Dream Pop
34%
63 Soundtracks for the Blind Swans Experimental Rock
34%
107 To Be Kind Swans Experimental Rock
34%
195 The Seer Swans Experimental Rock
34%
371 The Glowing Man Swans Experimental Rock
34%
443 The Great Annihilator Swans Experimental Rock
34%
456 White Light From the Mouth of Infinity Swans Gothic Rock
34%
60 Marquee Moon Television Post-Punk
34%
201 Lateralus Tool Alternative Metal
34%
300 Ænima Tool Alternative Metal
34%
83 Ants From Up There Black Country, New Road Art Rock
33%
168 Songs for the Deaf Queens of the Stone Age Alternative Rock
33%
466 ...Like Clockwork Queens of the Stone Age Alternative Rock
33%
142 Twin Fantasy Car Seat Headrest Indie Rock
32%
394 Teens of Denial Car Seat Headrest Indie Rock
32%
123 Violator Depeche Mode Synthpop
32%
233 Maggot Brain Funkadelic Funk Rock
32%
95 Mezzanine Massive Attack Dub
32%
495 Superunknown Soundgarden Grunge
32%
36 The Glow Pt. 2 The Microphones Indie Folk
32%
169 Mount Eerie The Microphones Psychedelic Folk
32%
391 -- in 2020 The Microphones Singer-Songwriter
32%
141 Funeral Arcade Fire Indie Rock
31%
232 Some Rap Songs Earl Sweatshirt Experimental Hip Hop
31%
104 Hot Rats Frank Zappa Jazz-Rock
31%
240 Die Mensch-Maschine Kraftwerk Synthpop
31%
260 Trans Europa Express Kraftwerk Synthpop
31%
362 Computerwelt Kraftwerk Synthpop
31%
151 Rust in Peace Megadeth Thrash Metal
31%
126 -- Ah Um Charles Mingus Post-Bop
30%
207 Let My Children Hear Music Charles Mingus Third Stream
30%
227 Blues & Roots Charles Mingus Post-Bop
30%
377 M-- M-- M-- M-- M-- Charles Mingus Post-Bop
30%
194 Selling England by the Pound Genesis Progressive Rock
30%
283 Foxtrot Genesis Progressive Rock
30%
313 The Lamb Lies Down on Broadway Genesis Progressive Rock
30%
90 Liquid Swords Genius/GZA Hardcore Hip Hop
30%
25 Spiderland Slint Post-Rock
30%
197 Aja Steely Dan Jazz-Rock
30%
497 Lady Soul Aretha Franklin Blues
29%
57 Endtroducing..... DJ Shadow Instrumental Hip Hop
29%
181 When the Pawn Fiona Apple Singer-Songwriter
29%
448 The Idler Wheel Is Wiser Than the Driver of the Screw and Whipping Cords Will Serve You More Than Ropes Will Ever Do Fiona Apple Singer-Songwriter
29%
111 Piñata Freddie Gibbs & Madlib Jazz Rap
29%
69 Deathconsciousness Have a Nice Life Post-Punk
29%
224 Thick as a Brick Jethro Tull Progressive Rock
29%
455 Aqualung Jethro Tull Progressive Rock
29%
321 Moving Pictures Rush Progressive Rock
29%
413 Hemispheres Rush Progressive Rock
29%
100 Daydream Nation Sonic Youth Noise Rock
29%
403 Sister Sonic Youth Noise Rock
29%
29 Long Season Fishmans Dream Pop
28%
175 Uchu Nippon Setagaya Fishmans Dream Pop
28%
338 Otis Blue: -- Sings Soul Otis Redding Blues
28%
101 Ágætis byrjun Sigur Rós Dream Pop
28%
352 ( ) Sigur Rós Dream Pop
28%
239 Yankee Hotel Foxtrot Wilco Indie Rock
28%
92 Future Days Can Krautrock
27%
103 Tago Mago Can Krautrock
27%
163 Ege Bamyası Can Krautrock
27%
14 The Black Saint and the Sinner Lady Mingus Avant-Garde Jazz
27%
225 Reign in Blood Slayer Thrash Metal
27%
216 Cosmo's Factory Creedence Clearwater Revival Swamp Rock
26%
211 Sometimes I Might Be Introvert Little Simz Conscious Hip Hop
26%
293 Astral Weeks Van Morrison Singer-Songwriter
26%
405 Moondance Van Morrison Singer-Songwriter
26%
222 Quebec Ween Art Rock
26%
255 The Mollusk Ween Art Rock
26%
218 Voodoo D'Angelo Neo-Soul
25%
166 Turn on the Bright Lights Interpol Post-Punk Revival
25%
267 The Forever Story J.I.D Conscious Hip Hop
25%
89 Songs of -- Leonard Cohen Singer-Songwriter
25%
155 Songs of Love and Hate Leonard Cohen Singer-Songwriter
25%
170 Love Deluxe Sade Smooth Soul
25%
203 -- Are the Village Green Preservation Society The Kinks Pop Rock
25%
270 Arthur or the Decline and Fall of the British Empire The Kinks Pop Rock
25%
358 Before and After Science Brian Eno Art Rock
24%
411 Machine Head Deep Purple Blues Rock
24%
475 -- in Rock Deep Purple Heavy Metal
24%
247 Sound of Silver LCD Soundsystem Dance-Punk
24%
374 This Is Happening LCD Soundsystem Alternative Dance
24%
359 Transformer Lou Reed Art Rock
24%
451 The Nutcracker Pyotr Tchaikovsky / Mariinsky Orchestra / Valery Gergiev Romanticism
24%
370 Songs From the Big Chair Tears for Fears Synthpop
24%
102 Since I Left You The Avalanches Plunderphonics
24%
139 Music Has the Right to Children Boards of Canada IDM
23%
154 Geogaddi Boards of Canada IDM
23%
199 Painkiller Judas Priest Heavy Metal
23%
105 The Lonesome Crowded West Modest Mouse Indie-Rock
23%
269 The Moon & Antarctica Modest Mouse Art Rock
23%
234 A Crow Looked at Me Mount Eerie Singer-Songwriter
23%
129 Rain Dogs Tom Waits Singer-Songwriter
23%
279 Bone Machine Tom Waits Singer-Songwriter
23%
289 Swordfishtrombones Tom Waits Singer-Songwriter
23%
162 Titanic Rising Weyes Blood Art Pop
23%
208 Hellfire black midi Avant-Prog
22%
193 K-- S-- G-- KIDS SEE GHOSTS Experimental Hip Hop
22%
472 Abraxas Santana Latin Rock
22%
93 Velocity : Design : Comfort Sweet Trip Glitch Pop
22%
140 You Will Never Know Why Sweet Trip Indie Pop
22%
72 Laughing Stock Talk Talk Post-Rock
22%
109 Spirit of Eden Talk Talk Art Rock
22%
273 Things Fall Apart The Roots Conscious Hip Hop
22%
117 Fun House The Stooges Garage Rock
22%
188 Raw Power The Stooges Garage Rock
22%
192 Curtis Curtis Mayfield Funk
21%
438 A-- F-- American Football Midwest Emo
20%
491 E·MO·TION Carly Rae Jepsen Synthpop
20%
457 Be Common Conscious Hip Hop
20%
171 Stratosphere Duster Slowcore
20%
143 Another Green World Eno Art Rock
20%
320 Here Come the Warm Jets Eno Art Rock
20%
344 Nonagon Infinity King Gizzard and the Lizard Wizard Psychedelic Rock
20%
428 Mos Def & Talib Kweli Are -- Black Star Conscious Hip Hop
19%
179 Flood Boris Post-Rock
19%
184 -- at Last -Feedbacker- Boris Post Metal
19%
452 Pink Boris Noise Rock
19%
236 Fresh Fruit for Rotting Vegetables Dead Kennedys Punk Rock
19%
341 Plastic Surgery Disasters Dead Kennedys Hardcore Punk
19%
299 By the Time I Get to Phoenix Injury Reserve Experimental Hip Hop
19%
135 Ys Joanna Newsom Singer-Songwriter
19%
231 Have One on Me Joanna Newsom Singer-Songwriter
19%
248 Pastel Blues Nina Simone Blues
19%
365 Wild Is The Wind Nina Simone Vocal Jazz
19%
198 T-- S-- R-- The Stone Roses Indie Rock
19%
127 Odessey and Oracle The Zombies Psychedelic Pop
19%
265 Dragon New Warm Mountain I Believe in You Big Thief Folk Rock
18%
336 Cheat Codes Danger Mouse & Black Thought Conscious Hip Hop
18%
342 You Won't Get What You Want Daughters Noise Rock
18%
271 The Nocturnes Frédéric Chopin / Artur Rubinstein Romanticism
18%
189 Fôrça bruta Jorge Ben Samba Soul
18%
200 A Tábua de Esmeralda Jorge Ben Samba-Rock
18%
389 África Brasil Jorge Ben Funk
18%
235 Crooked Rain, Crooked Rain Pavement Indie Rock
18%
419 Promises Pharoah Sanders, Floating Points & London Symphony Orchestra Progressive Electronic
18%
404 Bloom Beach House Dream Pop
17%
209 Head Hunters Herbie Hancock Jazz-Funk
17%
485 Sextant Herbie Hancock Avant-Garde Jazz
17%
439 Different Class Pulp Britpop
17%
383 There's a Riot Goin' On Sly & The Family Stone Psychedelic Soul
17%
302 Pink Flag Wire Punk Rock
17%
326 154 Wire Post-Punk
17%
373 Chairs Missing Wire Post-Punk
17%
375 Aethiopes billy woods Experimental Hip Hop
16%
150 Untrue Burial Future Garage
16%
385 Mama's Gun Erykah Badu Neo-Soul
16%
431 Cosmogramma Flying Lotus Glitch Hop
16%
310 Mista Thug Isolation Lil Ugly Mane Horrorcore
16%
447 Volcanic Bird Enemy and the Voiced Concern Lil Ugly Mane Neo-Psychedelia
16%
414 Mothership Connection Parliament Synth Funk
16%
76 Karma Pharoah Sanders Avant-Garde Jazz
16%
327 Black Unity Pharoah Sanders Avant-Garde Jazz
16%
379 Love in Us All Pharoah Sanders Spiritual Jazz
16%
488 Deaf Dumb Blind Pharoah Sanders Avant-Garde Jazz
16%
346 Only Built 4 Cuban Linx... Raekwon Gangsta Rap
16%
416 The Soft Bulletin The Flaming Lips Psychedelic Pop
16%
430 Helplessness Blues Fleet Foxes Indie Folk
15%
401 The Argument Fugazi Indie Rock
15%
460 Repeater Fugazi Post-Hardcore
15%
254 Moment of Truth Gang Starr Conscious Hip Hop
15%
223 Forever Changes Love Psychedelic Pop
15%
228 If You're Feeling Sinister Belle and Sebastian Chamber Pop
14%
295 Filosofem Burzum Ambient
14%
206 Jane Doe Converge Mathcore
14%
173 Dopethorne Electric Wizard Doom Metal
14%
314 Let Love In Nick Cave and The Bad Seeds Gothic Rock
14%
251 Modal Soul Nujabes Jazz Rap
14%
252 G-- / G-- Stan Getz & João Gilberto Bossa Nova
14%
229 Dots and Loops Stereolab Art Pop
14%
118 Music for 18 Musicians Steve Reich and Musicians Rythmic
14%
134 Leaves Turn Inside You Unwound Indie Rock
14%
316 Repetition Unwound Noise Rock
14%
398 New Plastic Ideas Unwound Noise Rock
14%
212 Zombie Fela Kuti & The Africa '70 Jazz-Funk
13%
340 Roforofo Fight Fela Kuti & The Africa '70 Jazz-Funk
13%
498 Sorrow Tears and Blood Fela Kuti & The Africa '70 Jazz-Funk
13%
246 0 Ichiko Aoba Singer-Songwriter
13%
301 Windswept Adan Ichiko Aoba Singer-Songwriter
13%
266 Blackwater Park Opeth Death Metal
13%
330 Still Life Opeth Death Metal
13%
384 Ghost Reveries Opeth Death Metal
13%
186 T-- V-- Z-- Townes Van Zandt Singer-Songwriter
13%
483 Hell Hath No Fury Clipse Gangsta Rap
12%
388 From Mars to Sirius Gojira Death Metal
12%
287 Le sacre du printemps Igor Stravinsky / New York Philharmonic / Leonard Bernstein Ballet
12%
305 Hot Buttered Soul Isaac Hayes Funk
12%
97 Clube da Esquina Milton Nascimento & Lô Borges MPB
12%
444 Frances the Mute The Mars Volta Progressive Rock
12%
423 Symphonie No. 9 / Moldau Antonín Dvořák / Bedřich Smetana Romanticism
11%
402 Symphony No. 9 "From the New World" Antonín Dvořák / Chicago Symphony Orchestra / Georg Solti Romanticism
11%
145 Perfect From Now On Built to Spill Indie Rock
11%
387 Keep It Like a Secret Built to Spill Indie Rock
11%
172 Expensive Shit Fela Kuti & The Africa '70 Jazz-Funk
11%
259 Entertainment! Gang of Four Post-Punk
11%
424 -- Conducts Le sacre du printemps Igor Stravinsky / Columbia Symphony Orchestra Ballet
11%
353 Music for 18 Musicians Steve Reich / Steve Reich and Musicians Instrumental
11%
331 Mystic Stylez Three-6 Mafia Gangsta Rap
11%
257 Relationship of Command At the Drive-In Post-Hardcore
10%
281 Mirage Camel Progressive Rock
10%
395 You're Living All Over Me Dinosaur Noise Rock
10%
468 Zen Arcade Hüsker Dü Noise Rock
10%
396 Crack the Skye Mastodon Sludge Metal
10%
386 Double Nickels on the Dime Minutemen Post-Punk
10%
284 The Shape of Jazz to Come Ornette Coleman Avant-Garde Jazz
10%
230 Kalk samen kuri no hana Sheena Ringo Art Pop
10%
363 Shōso Strip Sheena Ringo Art Pop
10%
372 Juju Siouxsie and The Banshees Post-Punk
10%
376 Just Got Back From the Discomfort - We're Alright The Brave Little Abacus Experimental Rock
10%
441 Masked Dancers: Concern in So Many Things You Forget Where You Are The Brave Little Abacus Math Rock
10%
463 Let It Be The Replacements Alternative Rock
10%
390 I Can Hear the Heart Beating as One Yo La Tengo Indie Rock
10%
177 -- [Moanin'] Art Blakey and The Jazz Messengers Hard Bop
9%
361 Free for All Art Blakey and The Jazz Messengers Post-Bop
9%
303 The Ape of Naples Coil Industrial
9%
306 Black Messiah D'Angelo and the Vanguard Neo-Soul
9%
382 A Blaze in the Northern Sky Darkthrone Black Metal
9%
399 A I A: Alien Observer Grouper Ambient Pop
9%
312 -- [Welcome to Sky Valles] Kyuss Psychedelic Rock
9%
367 The G.A.T... Mach-Hommy Conscious Hip Hop
9%
351 Daughter of Darkness Natural Snow Buildings Drone
9%
380 The Dance of the Moon and the Sun Natural Snow Buildings Drone
9%
349 Time Out The Dave Brubeck Quartet Cool Jazz
9%
368 Emergency & I The Dismemberment Plan Indie Rock
9%
481 Virgins Tim Hecker Drone
9%
339 Tabula rasa Arvo Pärt Chamber Music
8%
446 Lifestylez ov da Poor & Dangerous Big L Gangsta Rap
8%
180 First Utterance Comus Psychedelic Folk
8%
250 Bocanada Gustavo Cerati Art Pop
8%
153 The M-- E-- C-- Magnolia Electric Co. Alt-Country
8%
322 The Inner Mounting Flame Mahavishnu Orchestra / John McLaughlin Jazz-Rock
8%
334 Crumbling Mid-Air Thief Neo-Psychedelia
8%
426 De todas las flores Natalia Lafourcade Singer-Songwriter
8%
332 Ghosts of the Great Highway Sun Kil Moon Singer-Songwriter
8%
288 Deceit This Heat Experimental Rock
8%
214 Construção Chico Buarque Singer-Songwriter
7%
410 Yank Crime Drive Like Jehu Noise Rock
7%
406 Anthems to the Welkin at Dusk Emperor Black Metal
7%
420 In the Nightside Eclipse Emperor Black Metal
7%
290 The Ascension Glenn Branca Noise Rock
7%
487 6 Feet Deep Gravediggaz Experimental Hip Hop
7%
187 El jardín de los presentes Invisible Art Rock
7%
226 Artaud Pescado Rabioso Folk Rock
7%
422 Rising Rainbow Heavy Metal
7%
425 -- [Rollercoaster] Red House Painters Slowcore
7%
412 Vision Creation Newsun Boredoms Experimental Rock
6%
474 Songs About Leaving Carissa's Wierd Slowcore
6%
311 Clics modernos Charly García Synthpop
6%
274 None So Vile Cryptopsy Death Metal
6%
408 D-- 3-- Deltron 3030 Experimental Hip Hop
6%
297 Out to Lunch Eric Dolphy Avant-Garde Jazz
6%
350 Pieces of a Man Gil Scott-Heron Jazz
6%
407 Saxophone Colossus Sonny Rollins Hard Bop
6%
400 Youth of America Wipers Post-Punk
6%
440 Ashes Against the Grain Agalloch Black Metal
5%
337 Obscura Gorguts Death Metal
5%
469 Floating Into the Night Julee Cruise Dream Pop
5%
421 California Mr. Bungle Art Rock
5%
484 Through Silver in Blood Neurosis Sludge Metal
5%
319 Wrong NoMeansNo Post-Hardcore
5%
158 Acabou chorare Novos Baianos Samba
5%
323 Sobrevivendo no inferno Racionais MC's Conscious Hip Hop
5%
450 Nada como um dia após o outro dia Racionais MC's Conscious Hip Hop
5%
458 Third Soft Machine Jazz Fusion
5%
355 Script of the Bridge The Chameleons Post-Punk
5%
364 Storm of the Light's Bane Dissection Black Metal
4%
347 Stress: The Extinction Agenda Organized Konfusion Jazz Rap
4%
482 Scott 4 Scott Engel Singer-Songwriter
4%
480 Bergtatt: Et eeventyr i 5 capitler Ulver Black Metal
4%
432 Pawn Hearts Van der Graaf Generator Progressive Rock
4%
429 Tango: Zero Hour / Nuevo Tango: Hora Zero Astor Piazzolla and The New Tango Quintet Tango nuevo
3%
449 Those Once Loyal Bolt Thrower Death Metal
3%
471 Somethin' Else Cannonball Adderley Hard Bop
3%
397 E-- Exuma Psychedelic Folk
3%
393 Close to a World Below Immolation Death Metal
3%
465 Fare Forward Voyagers (Soldier's Choice) John Fahey American Primitivism
3%
462 -- [El indio] Los Jaivas Progressive Rock
3%
378 Visions of the Country Robbie Basho American Primitivism
3%
436 Grasa de las capitales Serú Girán Progressive Rock
3%
493 "Al final de este viaje..." Silvio Rodríguez Nueva Trova
3%
268 Kyuusai no gihou Susumu Hirasawa Art Pop
3%
415 Dead as Dreams Weakling Black Metal
3%
490 Lo mato Willie Colón Salsa dura
3%
442 King Tubbys Meets Rockers Upon Agustus Pablo Dub
2%
477 The 6 String Quartets Béla Bartók / Takács Quartet Chamber Music
2%
417 Shibuboshi Shibusashirazu Jazz Fusion
2%
No matching quizzes found
Score Distribution
Percent of People with Each Score
Percentile by Number Answered
Your Score History
You have not taken this quiz